Регионална библиотека "Любен Каравелов" - Русе

Избрани произведения (Запис номер 186595)

MARC детайли
000 -Лидер
Контролно поле с фиксирана дължина 01212nam a2200301 a 4500
003 - Код на организацията, давaща контролен номер
Контролно поле BLK
005 - Дата и час на последна редакция
Контролно поле 20250228135915.0
008 - Елементи от данни с фиксирана дължина
fixed length control field 180411b bul|||||r ||||||| ||bul||
010 ## - Наследен системен номер
LC control number KNG00195590000
040 ## - Източник на каталожния запис
Идентификатор на билиотеката - собственик на записа BLK
041 ## - Код за език
Код за езика на текст/звукозапис или на отделно заглавие Български
Код за езика КДБФ Български
080 ## - УДК
Текстов определител УДК Българска литература
УДК код - определител по УДК 821.163.2
УДК определител -4
УДК - код + определител 821.163.2-4
100 ## - Редна дума - Автор
Автор Огнянов, Любомир Василев
Дати, свързани с автора 1910 - 1987
Автор - информация (биография) Писател. Преводач от немски, английски, руски езици.
Пълна форма на името Огнянов, Любомир Василев
R(LIN) 389301
139 ## - Редно поле
Редна дума Огнянов-Ризор, Любомир
Авторски знак Огня - О 37
245 10 - Сведения за заглавието
Заглавие Избрани произведения
Подзаглавни данни Критики, статии, малки студии
Редно поле (дума) Любомир Огнянов-Ризор.
257 ## - Страна на издаване
Страна на създаване/издаване България
260 ## - Област на издателските данни
Място на издаване, разпространение и проч. София
Име на издателя, разпространителя и проч. Бълг. писател
Година на издаване 1980
Печатница Враца : В. Александров
300 ## - Физическа характеристика
Страници 247 с.
Размери/Мащаб 21 см
380 ## - Жанр
Жанр Худож. лит.
500 ## - Общи забележки
Забележка 1 613 тир.
852 ## - Местоположение
Форматна сигнатура Цб 105903
856 4# - Електронен адрес и достъп
Електронен формат pdf - файл
Инструкция (цена за достъп) 0.00
Права за достъп disable
856 4# - Електронен адрес и достъп
Електронен формат pdf - файл
Инструкция (цена за достъп) 0.00
Права за достъп disable
999 ## - СИСТЕМНИ КОНТРОЛНИ НОМЕРА
Koha biblionumber 186595
Koha biblioitemnumber 186595
942 ## - АРТИКУЛИ
Вид на библиотечния материал Книги
Скрит в OPAC Не
Периодичен библиозапис Да
944 ## - СЪЗДАВАНЕ И РЕДАКЦИЯ на ЗАПИСА
Създаване/Редакция Създаване
Дата на регистрацията/редакция 09.11.2016
Служител, извършил регистрацията/редакцията 30529
Статус, дата на статуса Диана Гривева
944 ## - СЪЗДАВАНЕ И РЕДАКЦИЯ на ЗАПИСА
Създаване/Редакция Редакция
Дата на регистрацията/редакция 2022-12-07
Служител, извършил регистрацията/редакцията ир
999 ## - СИСТЕМНИ КОНТРОЛНИ НОМЕРА
Koha biblioitemnumber 186595
Наличности
Код за отписване Код за изгубен артикул Източник на класификационната схема Код за повреда Коз за рестрикции Код за отдаване Артикулен № Име на библиотеката - собственик Име на библиотеката, в която се намира в момента Статус (Текущо местоположение) Дата на вписване в системата Местоположение - отдел Цена в лева Инвентарен номер Систематично азбучна сигнатура Баркод Номер на екземпляра Цена в евро Служебна бележка Служебен тип на артикула
  Не е изгубен Universal Decimal Classification Не е повреден само за читалня ползва се в читалня 325031 Регионална библиотека "Любен Каравелов" Русе Регионална библиотека "Любен Каравелов" Русе Хранилище 1980-01-01 Хранилище 2.11 314634 Цб 105903 120000314634 1 1.08 Вид: Сф Дата: 01.01.1980 Книги
Изтеглен Не е изгубен Universal Decimal Classification Не е повреден без рестрикции заемане за дома 325032 Регионална библиотека "Любен Каравелов" Русе Регионална библиотека "Любен Каравелов" Русе Заемна - подръчен фонд 1980-01-01 Заемна - подръчен фонд 2.11 315700 П 886.7-4/О 37 315700 2 1.08 Вид: Сф Дата: 01.01.1980 Дата инв: 13.02.2018 Бележки инв: П2018 Книги
Vip Innovations Ltd, Rousse, Bulgaria 2025